Städte mit M - Statistiken

Allgemein
  • Dieses Quiz wurde 83 mal gespielt
  • Das Durchschnittsergebnis liegt bei 8 aus 16
Antwortstatistiken
Bildquiz Antwort % Korrekt
Moskau
96%
Madrid
93%
Mailand
88%
München
88%
Manchester
65%
Miami
56%
Marseille
51%
Mumbai
47%
Manila
43%
Mexiko Stadt
41%
Melbourne
35%
Mekka
32%
Minsk
32%
Montréal
28%
Montevideo
26%
Malmö
13%
Keine übereinstimmenden Quizze gefunden
Verteilung der Resultate
Anzahl Personen mit jedem Resultat
Perzentil nach korrekt beantworteten Fragen
Ihre Resultats-Entwicklung
Sie haben dieses Quiz noch nicht gespielt